| 000 | 00453nam a22001697a 4500 | ||
|---|---|---|---|
| 005 | 20250325144311.0 | ||
| 008 | 250325b |||||||| |||| 00| 0 eng d | ||
| 020 | _a9781647286668 | ||
| 041 | _aEng. | ||
| 082 | _a303.483 BOG | ||
| 100 | _aBogdanov, Alex | ||
| 245 | _aAI And Society: Impacts And Opportunities | ||
| 260 |
_aUSA _bWillford Press _c2025 |
||
| 300 | _a381;. P. 23 cm | ||
| 650 | _aArtificial Intelligence-Social Aspects | ||
| 942 | _cBK | ||
| 999 |
_c43392 _d43392 |
||